The hitchhiker's guide to the Galaxy / (Record no. 9622)

MARC details
000 -LEADER
fixed length control field 00918nam a22002897a 4500
001 - CONTROL NUMBER
control field 9622
003 - CONTROL NUMBER IDENTIFIER
control field FISKH
005 - DATE AND TIME OF LATEST TRANSACTION
control field 20260126122329.0
008 - FIXED-LENGTH DATA ELEMENTS--GENERAL INFORMATION
fixed length control field 260126b cb ||||| |||| 00| 0 eng d
020 ## - INTERNATIONAL STANDARD BOOK NUMBER
International Standard Book Number 9780345391803
040 ## - CATALOGING SOURCE
Original cataloging agency FISKH
Language of cataloging eng
Transcribing agency FISKH
Modifying agency FISKH
050 ## - LIBRARY OF CONGRESS CALL NUMBER
Classification number PR6051 .D3352
082 ## - DEWEY DECIMAL CLASSIFICATION NUMBER
Classification number 823.08762
100 ## - MAIN ENTRY--PERSONAL NAME
Personal name Adams , Douglas
245 ## - TITLE STATEMENT
Title The hitchhiker's guide to the Galaxy /
Statement of responsibility, etc. By Douglas Adams
260 ## - PUBLICATION, DISTRIBUTION, ETC.
Place of publication, distribution, etc. New York :
Name of publisher, distributor, etc. Drl Rey ,
Date of publication, distribution, etc. 1979 .
300 ## - PHYSICAL DESCRIPTION
Extent 216 pages :
Other physical details illustrations ;
Dimensions 17 cm .
490 ## - SERIES STATEMENT
Series statement The Hitchhiker's Guide to the Galaxy
Volume/sequential designation 1
505 ## - FORMATTED CONTENTS NOTE
Formatted contents note Z <br/>
520 ## - SUMMARY, ETC.
Summary, etc. After Earth is demolished to make way for a new hyperspatial expressway, Arthur Dent begins to hitch-hike through space.
521 8# - TARGET AUDIENCE NOTE
Target audience note 930 <br/>
Source Lexile <br/>
521 8# - TARGET AUDIENCE NOTE
Target audience note Z <br/>
Source Raz-Plus <br/><br/>
650 ## - SUBJECT ADDED ENTRY--TOPICAL TERM
Topical term or geographic name entry element Hitchhiker
Form subdivision Fiction
650 ## - SUBJECT ADDED ENTRY--TOPICAL TERM
Topical term or geographic name entry element Space travel
Form subdivision Fiction
942 ## - ADDED ENTRY ELEMENTS (KOHA)
Source of classification or shelving scheme Dewey Decimal Classification
Koha item type Books
Suppress in OPAC No
Holdings
Withdrawn status Lost status Source of classification or shelving scheme Damaged status Not for loan Collection Home library Current library Shelving location Date acquired Total Checkouts Full call number Barcode Date last seen Price effective from Koha item type
    Dewey Decimal Classification     Fiction Footprints International School Library Network Toul Tom Poung Campus Footprints International School Library Network Toul Tom Poung Campus TTP Secondary Fiction Bookshelves 01/26/2026   ADA 823.08762 PR6051 .D3352 2026-0138 01/26/2026 01/26/2026 Books